000 00702nam a2200265Ia 4500
005 20260121165406.0
008 008 260114s9999 xx 000 0 eng d
020 _a9789462650886
037 _aEBOOK
040 _aCRL
040 _beng
040 _cCRL
041 _2eng
041 _aeng
084 _qCRL
100 _aChristophe Paulussen, Tamara Takacs, Vesna Lazi?, Ben Van Rompuy
_91051141
245 0 _aFundamental Rights in International and European Law
260 _bSpringer
260 _bSpringer
260 _c2016
856 _uhttps://link.springer.com/openurl?genre=book&isbn=978-94-6265-088-6
942 _cEBOOK
999 _c1616866
_d1616866